ARRUPE JESUIT UNIVERSITY

CORONAVIRUS -STOP THE SPREAD - CLEAN,DISINFECT,COVER

The human tradition in the black Atlantic, 1500-2000 / (Record no. 125685)

MARC details
000 -LEADER
fixed length control field 03168cam a22004214a 4500
001 - CONTROL NUMBER
control field 15841318
005 - DATE AND TIME OF LATEST TRANSACTION
control field 20161104140743.0
008 - FIXED-LENGTH DATA ELEMENTS--GENERAL INFORMATION
fixed length control field 090729s2010 mdu b 001 0ceng
010 ## - LIBRARY OF CONGRESS CONTROL NUMBER
LC control number 2009031113
020 ## - INTERNATIONAL STANDARD BOOK NUMBER
International Standard Book Number 9780742567290 (cloth : alk. paper)
020 ## - INTERNATIONAL STANDARD BOOK NUMBER
International Standard Book Number 9780742567306 (pbk. : alk. paper)
020 ## - INTERNATIONAL STANDARD BOOK NUMBER
International Standard Book Number 9780742567313 (electronic)
040 ## - CATALOGING SOURCE
Original cataloging agency DLC
Transcribing agency DLC
Modifying agency DLC
043 ## - GEOGRAPHIC AREA CODE
Geographic area code l------
050 00 - LIBRARY OF CONGRESS CALL NUMBER
Classification number CT105
Item number .H786 2010
082 00 - DEWEY DECIMAL CLASSIFICATION NUMBER
Classification number 920.0092960163
Edition number 22
110 ## - MAIN ENTRY--CORPORATE NAME
Corporate name or jurisdiction name as entry element Mamigonian,Beatriz G.
Relator term ed.
9 (RLIN) 27320
245 04 - TITLE STATEMENT
Title The human tradition in the black Atlantic, 1500-2000 /
Statement of responsibility, etc edited by Beatriz G. Mamigonian and Karen Racine.
260 ## - PUBLICATION, DISTRIBUTION, ETC. (IMPRINT)
Place of publication, distribution, etc Lanham
Name of publisher, distributor, etc Rowman & Littlefield,
Date of publication, distribution, etc 2010.
300 ## - PHYSICAL DESCRIPTION
Extent vi, 229 p. ;
Dimensions 23 cm.
490 0# - SERIES STATEMENT
Series statement The human tradition around the world
504 ## - BIBLIOGRAPHY, ETC. NOTE
Bibliography, etc Includes bibliographical references and index.
505 0# - FORMATTED CONTENTS NOTE
Formatted contents note Introduction: People in the making of the Black Atlantic / Beatriz G. Mamigonian and Karen Racine -- Alonso de Illescas (1530s?-1590s) : African, Ladino, and Maroon Leader in colonial Ecuador / Charles Beatty Medina -- Gregoria López (1680s) : a Mexican mulata defends her honor / Aaron P. Althouse -- Philip Quaque (1741-1816) : African Anglican missionary on the Gold Coast / Ty M. Reese -- Harry Washington (1760s-1790s) : a Founding Father's slave / Cassandra Pybus -- Rufino José Maria (1820s-1850s) : a Muslim in the nineteenth-century Brazilian slave trade circuit / João Jośe Reis, Flávio dos Santos Gomes, and Marcus J.M. de Carvalho -- Buenaventura Lucumí (1820s-1872) : African slave, head of a household, and lottery winner in Cuba / Aisnara Perera Díaz and María de los Ángeles Meriño Fuentes -- Blaise Diagne (1872-1934) : Senegal's deputy to the French National Assembly / Hilary Jones -- Phyllis Ann Edmeade (1920s) : Caribbean migrant worker deported from the United States / Lorna Biddle Rinear -- C.L.R. James (1901-1989) : the Black Jacobin / Jerome Teelucksingh -- Robert Robinson (1930s) : celebrity worker in the USSR / Meredith L. Roman -- Vicente Ferreira Pastinha (1889-1981) : the Angolan tradition of capoeira / Maya Talmon-Chvaicer -- Malcolm X (1925?-1965) : a Pan-African revolutionary / Alan Bloom -- Romare Bearden (1911-1988) : artist, intellectual, activist / Sally Price and Richard Price.
650 #0 - SUBJECT ADDED ENTRY--TOPICAL TERM
Topical term or geographic name as entry element Blacks
Geographic subdivision Atlantic Ocean Region
Form subdivision Biography.
9 (RLIN) 27321
650 #0 - SUBJECT ADDED ENTRY--TOPICAL TERM
Topical term or geographic name as entry element Blacks
Geographic subdivision Atlantic Ocean Region
General subdivision History.
9 (RLIN) 27322
650 #0 - SUBJECT ADDED ENTRY--TOPICAL TERM
Topical term or geographic name as entry element Blacks
Geographic subdivision Atlantic Ocean Region
General subdivision Social conditions.
9 (RLIN) 27323
650 #0 - SUBJECT ADDED ENTRY--TOPICAL TERM
Topical term or geographic name as entry element Blacks
General subdivision Civil rights
Geographic subdivision Atlantic Ocean Region
General subdivision History.
9 (RLIN) 27324
650 #0 - SUBJECT ADDED ENTRY--TOPICAL TERM
Topical term or geographic name as entry element Slave trade
Geographic subdivision Atlantic Ocean Region
General subdivision History.
9 (RLIN) 24895
650 #0 - SUBJECT ADDED ENTRY--TOPICAL TERM
Topical term or geographic name as entry element Slavery
Geographic subdivision Atlantic Ocean Region
General subdivision History.
9 (RLIN) 24896
651 #0 - SUBJECT ADDED ENTRY--GEOGRAPHIC NAME
Geographic name Atlantic Ocean Region
Form subdivision Biography.
9 (RLIN) 27325
651 #0 - SUBJECT ADDED ENTRY--GEOGRAPHIC NAME
Geographic name Atlantic Ocean Region
General subdivision Race relations.
9 (RLIN) 27326
651 #0 - SUBJECT ADDED ENTRY--GEOGRAPHIC NAME
Geographic name Atlantic Ocean Region
General subdivision Social conditions.
9 (RLIN) 27327
710 ## - ADDED ENTRY--CORPORATE NAME
Corporate name or jurisdiction name as entry element Mamigonian, Beatriz G.
Relator term ed.
9 (RLIN) 27328
710 ## - ADDED ENTRY--CORPORATE NAME
Corporate name or jurisdiction name as entry element Racine, Karen
Relator term ed.
9 (RLIN) 27329
906 ## - LOCAL DATA ELEMENT F, LDF (RLIN)
a 7
b cbc
c orignew
d 1
e ecip
f 20
g y-gencatlg
942 ## - ADDED ENTRY ELEMENTS (KOHA)
Source of classification or shelving scheme Library of Congress Classification
Item type Monograph ( Printed materials)
Holdings
Withdrawn status Lost status Source of classification or shelving scheme Damaged status Not for loan Collection code Home library Current library Shelving location Date acquired Total Checkouts Full call number Barcode Date last seen Date last borrowed Price effective from Koha item type
    Library of Congress Classification     Main Collection ARRUPE LIBRARY ARRUPE LIBRARY Main Collection 04/11/2016 1 CT105 .H786 2010 46500009966 15/09/2017 15/09/2017 04/11/2016 Monograph ( Printed materials)

 

Arrupe Library. PO Box MP320 Mt Pleasant, Harare, Zimbabwe
263 242 745411|librarian@aju.ac.zw